El sector agropecuario en la provincia de Córdoba en el año 1983-1984. Su relación con años anteriores y participación nacional (Registro nro. 25483)

Detalles MARC
000 -LEADER
fixed length control field 00413 a2200109 4500
001 - CONTROL NUMBER
control field ART_11340
005 - DATE AND TIME OF LATEST TRANSACTION
control field 20260410161856.0
008 - FIXED-LENGTH DATA ELEMENTS--GENERAL INFORMATION
fixed length control field 260409a
100 1# - MAIN ENTRY--PERSONAL NAME
Personal name Colomé, Rinaldo A.
245 10 - TITLE STATEMENT
Title El sector agropecuario en la provincia de Córdoba en el año 1983-1984. Su relación con años anteriores y participación nacional
773 0# - HOST ITEM ENTRY
Title Revista de Economía
Related parts - Nº 45 (dic. 1985)
Record control number REV11077

No hay ítems disponibles.